Catholic University of Zimbabwe Library
Online Public Access Catalogue
(OPAC)

Polis-Freundschaft-Jenseitsstrafen (Record no. 33719)

MARC details
000 -LEADER
fixed length control field 02061nam a22003977a 4500
001 - CONTROL NUMBER
control field 103631
003 - CONTROL NUMBER IDENTIFIER
control field KnowledgeUnlatched
005 - DATE AND TIME OF LATEST TRANSACTION
control field 20210303105132.0
006 - FIXED-LENGTH DATA ELEMENTS--ADDITIONAL MATERIAL CHARACTERISTICS
fixed length control field m o d
007 - PHYSICAL DESCRIPTION FIXED FIELD--GENERAL INFORMATION
fixed length control field cr u||||||||||
008 - FIXED-LENGTH DATA ELEMENTS--GENERAL INFORMATION
fixed length control field 210129p20102019xx o u00| u ger d
037 ## - SOURCE OF ACQUISITION
Institution to which field applies BiblioBoard
020 ## - INTERNATIONAL STANDARD BOOK NUMBER
International Standard Book Number 9783161564383
029 1# - OTHER SYSTEM CONTROL NUMBER (OCLC)
OCLC library identifier https://library.biblioboard.com/ext/api/media/1c6d4642-7e95-455a-85fa-827831a04467/assets/thumbnail.jpg
040 ## - CATALOGING SOURCE
Original cataloging agency ScCtBLL
Transcribing agency ScCtBLL
245 00 - TITLE STATEMENT
Title Polis-Freundschaft-Jenseitsstrafen
Remainder of title Briefe an und über Johannes /
Statement of responsibility, etc. Reinhard Feldmeier, Katharina Luchner, Bruno Bleckmann.
264 #1 - PRODUCTION, PUBLICATION, DISTRIBUTION, MANUFACTURE, AND COPYRIGHT NOTICE
Name of producer, publisher, distributor, manufacturer Mohr Siebeck,
300 ## - PHYSICAL DESCRIPTION
Extent 1 online resource (256 p.)
506 0# - RESTRICTIONS ON ACCESS NOTE
Terms governing access Access copy available to the general public.
Standardized terminology for access restriction Unrestricted
Source of term star
520 ## - SUMMARY, ETC.
Summary, etc. Die Briefe des Synesios von Kyrene (ca. 370-413 n.Chr.), der nicht nur Philosoph und Schriftsteller, sondern auch Feldherr und Bischof war, geben Einblick in die sozialen, politischen und religiös-intellektuellen Verhältnisse seiner Zeit. Für diesen Band wurden neun Briefe übersetzt und kommentiert; sie bieten einen ersten Zugang zu Synesios' Welt, vor allem auch zur Bilderwelt seiner aus den Mythen Platons gespeisten Jenseitsvorstellungen.
588 0# - SOURCE OF DESCRIPTION NOTE
Source of description note Description based on print version record.
590 ## - LOCAL NOTE (RLIN)
Local note KU Open Services
650 #7 - SUBJECT ADDED ENTRY--TOPICAL TERM
Topical term or geographic name entry element Social Science / Anthropology / Cultural & Social
Source of heading or term bisacsh
650 #7 - SUBJECT ADDED ENTRY--TOPICAL TERM
Topical term or geographic name entry element Religion
Source of heading or term bisacsh
650 #7 - SUBJECT ADDED ENTRY--TOPICAL TERM
Topical term or geographic name entry element History / Ancient
Source of heading or term bisacsh
650 #0 - SUBJECT ADDED ENTRY--TOPICAL TERM
Topical term or geographic name entry element Religion
655 #0 - INDEX TERM--GENRE/FORM
Genre/form data or focus term Electronic books.
700 1# - ADDED ENTRY--PERSONAL NAME
Personal name Feldmeier, Reinhard
Relator term editor.
700 1# - ADDED ENTRY--PERSONAL NAME
Personal name Luchner, Katharina
Relator term editor.
700 1# - ADDED ENTRY--PERSONAL NAME
Personal name Bleckmann, Bruno
Relator term editor.
758 ## -
-- Is found in:
-- Knowledge Unlatched
-- https://openresearchlibrary.org/module/2774bc74-146a-484f-a7ba-ab1d6a09bbfb
856 40 - ELECTRONIC LOCATION AND ACCESS
Uniform Resource Identifier <a href="https://openresearchlibrary.org/content/1c6d4642-7e95-455a-85fa-827831a04467">https://openresearchlibrary.org/content/1c6d4642-7e95-455a-85fa-827831a04467</a>
Public note View this content on Open Research Library.
-- 0
Holdings
Withdrawn status Lost status Source of classification or shelving scheme Damaged status Not for loan Home library Current library Shelving location Date acquired Total Checkouts Date last seen Uniform Resource Identifier Price effective from Koha item type
          Digital Library Digital Library Online Access 03.03.2021   03.03.2021 https://openresearchlibrary.org/content/1c6d4642-7e95-455a-85fa-827831a04467 03.03.2021 eBook

OPENING HOURS

Weekdays: 0815hrs - 1800hrs
Weekends:0900hrs - 1200hrs

Closed for Mass:

Mon, Thur: 1200hrs - 1300hrs
Sunday & Public Holiday’s

CALL SUPPORT

0242-570570, 0242-570169
09200664, +263 8644140602

LOCATION

18443, Cranborne Avenue, Hatfield, Harare

Other Links


©2021 | CUZ Library